[Event "British Chess Championship 2010"]
[Site "Canterbury ENG"]
[Date "2010.07.26"]
[Round "1.1"]
[White "Eames, Robert S"]
[Black "Adams, Michael"]
[Result "0-1"]
[WhiteElo "2287"]
[BlackElo "2706"]
[PlyCount "42"]
[EventDate "2010.07.27"]
[EventType "swiss"]
[EventRounds "11"]
[EventCountry "ENG"]
[Source "lmi"]
[SourceDate "2010.07.25"]

1. e4 e5 2. f4 exf4 3. Bc4 d5 4. Bxd5 Nf6 5. Nf3 Nxd5 6. exd5 Qxd5 7. Nc3 Qf5
8. O-O Nc6 9. d4 Be6 10. Ne2 g5 11. b3 O-O-O 12. Bb2 Bg7 13. c4 g4 14. Ne1 f3
15. gxf3 Rhg8 16. f4 g3 17. Nf3 gxh2+ 18. Kh1 Bf6 19. Qd2 Qg4 20. Rf2 Bf5 21.
Qe3 Nb4 0-1

[Event "British Chess Championship 2010"]
[Site "Canterbury ENG"]
[Date "2010.07.26"]
[Round "1.2"]
[White "Pert, Nicholas"]
[Black "McMichael, Richard J"]
[Result "1-0"]
[WhiteElo "2551"]
[BlackElo "2287"]
[PlyCount "75"]
[EventDate "2010.07.27"]
[EventType "swiss"]
[EventRounds "11"]
[EventCountry "ENG"]
[Source "lmi"]
[SourceDate "2010.07.25"]

1. d4 e6 2. c4 f5 3. g3 Nf6 4. Bg2 d5 5. Nf3 c6 6. O-O Bd6 7. Nc3 O-O 8. Qc2
Qe7 9. Bg5 h6 10. Bf4 Bxf4 11. gxf4 Bd7 12. Ne5 Be8 13. e3 Nbd7 14. cxd5 Nxd5
15. Nxd7 Bxd7 16. Rae1 Kh8 17. Kh1 Rac8 18. Rg1 b6 19. Ne2 Qh4 20. Bxd5 cxd5
21. Nc3 g5 22. Qd2 Rg8 23. Rg3 Rg7 24. Ne2 Rcg8 25. fxg5 hxg5 26. Ng1 g4 27.
Ne2 Rh7 28. Rg2 Qe7 29. Nf4 Be8 30. Rc1 Bf7 31. Qc3 Bh5 32. Qc6 Rh6 33. Qc7 Qf6
34. Rc6 g3 35. Nxh5 Rxh5 36. Rxg3 Rxg3 37. Qxg3 Rg5 38. Qh3+ 1-0

[Event "British Chess Championship 2010"]
[Site "Canterbury ENG"]
[Date "2010.07.26"]
[Round "1.3"]
[White "Dorrington, Chris J"]
[Black "Gordon, Stephen J"]
[Result "1/2-1/2"]
[WhiteElo "2255"]
[BlackElo "2534"]
[PlyCount "68"]
[EventDate "2010.07.27"]
[EventType "swiss"]
[EventRounds "11"]
[EventCountry "ENG"]
[Source "lmi"]
[SourceDate "2010.07.25"]

1. d4 Nf6 2. c4 e6 3. Nc3 Bb4 4. e3 c5 5. Nf3 Nc6 6. Bd3 Bxc3+ 7. bxc3 d6 8.
O-O e5 9. Qc2 h6 10. Nd2 exd4 11. exd4 O-O 12. Ba3 b6 13. Ne4 Nxe4 14. Bxe4 Bb7
15. Rad1 Qc7 16. dxc5 dxc5 17. Bd5 Na5 18. Bc1 Rad8 19. Qf5 Qd7 20. Qh5 Bxd5
21. cxd5 f5 22. Rfe1 Qf7 23. Qf3 Rd7 24. h4 Nc4 25. Re6 Rfd8 26. Kh2 Rd6 27.
Rde1 R8d7 28. Bxh6 gxh6 29. Qf4 b5 30. Qxh6 Rd8 31. Qg5+ Kf8 32. Qh6+ Kg8 33.
Qg5+ Kf8 34. Qh6+ Kg8 1/2-1/2

[Event "British Chess Championship 2010"]
[Site "Canterbury ENG"]
[Date "2010.07.26"]
[Round "1.5"]
[White "Griffiths, Ryan Rhys"]
[Black "Williams, Simon K"]
[Result "0-1"]
[WhiteElo "2249"]
[BlackElo "2511"]
[PlyCount "100"]
[EventDate "2010.07.27"]
[EventType "swiss"]
[EventRounds "11"]
[EventCountry "ENG"]
[Source "lmi"]
[SourceDate "2010.07.25"]

1. c4 c5 2. g3 Nc6 3. Bg2 g6 4. Nc3 Bg7 5. a3 d6 6. Rb1 a5 7. d3 e5 8. e4 Nd4
9. Nge2 Ne7 10. O-O Bg4 11. f3 Bd7 12. b4 axb4 13. axb4 b6 14. Bg5 f6 15. Bd2
O-O 16. b5 Ra7 17. Nxd4 exd4 18. Na4 Kh8 19. Ra1 Ng8 20. Qb3 Qc7 21. Ra2 Bc8
22. Rfa1 f5 23. Nb2 Rxa2 24. Rxa2 Nf6 25. Ra4 Qf7 26. Bf4 fxe4 27. dxe4 Nxe4
28. fxe4 g5 29. Qf3 gxf4 30. gxf4 Qxf4 31. Qxf4 Rxf4 32. Ra8 Rf8 33. Rb8 Bg4
34. Rxf8+ Bxf8 35. Bf1 Be7 36. Kg2 Kg7 37. Kg3 Be6 38. Bd3 Kf6 39. Nd1 Kg7 40.
Nf2 Bg5 41. Nh3 Be3 42. Nf4 Bxf4+ 43. Kxf4 Kf6 44. Bf1 h6 45. Bd3 Bf7 46. Kg4
Ke5 47. Kf3 Bh5+ 48. Kg3 Bd1 49. h3 Bh5 50. Kh4 Bg6 0-1

[Event "British Chess Championship 2010"]
[Site "Canterbury ENG"]
[Date "2010.07.26"]
[Round "1.6"]
[White "Wells, Peter K"]
[Black "Spence, David J"]
[Result "1-0"]
[WhiteElo "2488"]
[BlackElo "2244"]
[PlyCount "49"]
[EventDate "2010.07.27"]
[EventType "swiss"]
[EventRounds "11"]
[EventCountry "ENG"]
[Source "lmi"]
[SourceDate "2010.07.25"]

1. d4 e6 2. Nf3 Nf6 3. c4 b6 4. g3 Ba6 5. Qc2 d5 6. cxd5 Nxd5 7. Bg2 Be7 8. O-O
O-O 9. Nc3 Bb7 10. Nxd5 Bxd5 11. Bf4 Na6 12. e4 Nb4 13. Qb1 Bb7 14. a3 Nc6 15.
Rd1 Bf6 16. Qc2 Bxd4 17. e5 Qd5 18. Be3 Qc5 19. Nxd4 Nxd4 20. Qxc5 Ne2+ 21. Kf1
Bxg2+ 22. Kxg2 bxc5 23. Bxc5 Rfb8 24. Rd2 Rb5 25. Be3 1-0

[Event "British Chess Championship 2010"]
[Site "Canterbury ENG"]
[Date "2010.07.26"]
[Round "1.7"]
[White "Maciol, Ryszard"]
[Black "Gormally, Daniel W"]
[Result "0-1"]
[WhiteElo "2239"]
[BlackElo "2480"]
[PlyCount "63"]
[EventDate "2010.07.27"]
[EventType "swiss"]
[EventRounds "11"]
[EventCountry "ENG"]
[Source "lmi"]
[SourceDate "2010.07.25"]

1. d4 Nf6 2. c4 e6 3. Nc3 Bb4 4. e3 O-O 5. Bd3 d5 6. Nge2 c5 7. cxd5 cxd4 8.
exd4 Nxd5 9. O-O Nc6 10. a3 Be7 11. Bc2 b6 12. Qd3 g6 13. Bh6 Re8 14. Rad1 Bb7
15. Rfe1 Bg5 16. Qh3 Bxh6 17. Qxh6 Nce7 18. Ng3 Nf6 19. Ba4 Rf8 20. d5 Nexd5
21. Bb3 Ng4 22. Qh3 Qg5 23. Nge4 Qf4 24. Bxd5 Nxf2 25. Nxf2 exd5 26. Nxd5 Bxd5
27. Rxd5 Rae8 28. Rf1 h5 29. Nd3 Qc4 30. Qf3 Re4 31. Rg5 Rfe8 32. Nf2 0-1

[Event "British Chess Championship 2010"]
[Site "Canterbury ENG"]
[Date "2010.07.26"]
[Round "1.8"]
[White "Arkell, Keith C"]
[Black "Rudd, Jack"]
[Result "0-1"]
[WhiteElo "2465"]
[BlackElo "2236"]
[PlyCount "46"]
[EventDate "2010.07.27"]
[EventType "swiss"]
[EventRounds "11"]
[EventCountry "ENG"]
[Source "lmi"]
[SourceDate "2010.07.25"]

1. Nf3 Nf6 2. c4 e6 3. Nc3 d5 4. cxd5 exd5 5. d4 c6 6. Bg5 Be7 7. Qc2 g6 8. e3
Bf5 9. Bd3 Bxd3 10. Qxd3 Nbd7 11. Bh6 Bd6 12. Bg7 Rg8 13. Bxf6 Nxf6 14. O-O Qe7
15. a3 Ne4 16. b4 a6 17. Rfe1 f5 18. g3 g5 19. Nd2 g4 20. Ne2 h5 21. Nf4 h4 22.
Nxe4 fxe4 23. Kf1 exd3 0-1

[Event "British Chess Championship 2010"]
[Site "Canterbury ENG"]
[Date "2010.07.26"]
[Round "1.9"]
[White "Addison, Bret C"]
[Black "Pert, Richard G"]
[Result "0-1"]
[WhiteElo "2235"]
[BlackElo "2460"]
[PlyCount "140"]
[EventDate "2010.07.27"]
[EventType "swiss"]
[EventRounds "11"]
[EventCountry "ENG"]
[Source "lmi"]
[SourceDate "2010.07.25"]

1. d4 Nf6 2. c4 e6 3. Nc3 Bb4 4. f3 d5 5. a3 Bxc3+ 6. bxc3 O-O 7. cxd5 exd5 8.
e3 Nh5 9. Qc2 Re8 10. g4 Nf4 11. h4 c5 12. Kf2 Ne6 13. Bd3 Nf8 14. Ne2 b6 15.
Nf4 Ba6 16. Bd2 Bxd3 17. Qxd3 Ne6 18. dxc5 Nxf4 19. exf4 bxc5 20. Be3 c4 21.
Qd2 Nc6 22. h5 Qa5 23. h6 g6 24. Bd4 Rab8 25. Kg3 Qc7 26. Rhe1 Qd6 27. g5 Rxe1
28. Rxe1 Qxa3 29. Bf6 Qc5 30. Qe2 Qd6 31. Bg7 Qd7 32. Qe3 a5 33. Qc5 a4 34. Bf6
Ra8 35. Ra1 Qe6 36. Ra3 Qe1+ 37. Qf2 Qxf2+ 38. Kxf2 Kf8 39. Ke3 Ke8 40. f5 Kd7
41. fxg6 fxg6 42. Kf4 Ke6 43. Bg7 Kd6 44. Bf6 Ke6 45. Bg7 Ne7 46. Bd4 Kd6 47.
Bg7 Nf5 48. Bf6 Ra7 49. Kg4 Ne3+ 50. Kg3 Ra8 51. f4 Ke6 52. Kf3 Nf5 53. Be5 Ra6
54. Ke2 Kd7 55. Kd2 Kc6 56. Bf6 Kc5 57. Be5 Ra8 58. Bf6 Ra6 59. Be5 d4 60.
cxd4+ Nxd4 61. Bg7 Kd5 62. Be5 Nb5 63. Ra2 Ke4 64. Kc1 c3 65. Kc2 a3 66. Kb3
Kd3 67. f5 gxf5 68. Rg2 Nd4+ 69. Ka2 c2 70. Bf4 Ne2 0-1

[Event "British Chess Championship 2010"]
[Site "Canterbury ENG"]
[Date "2010.07.26"]
[Round "1.10"]
[White "Greet, Andrew N"]
[Black "Ledger, Dave J"]
[Result "1-0"]
[WhiteElo "2451"]
[BlackElo "2233"]
[PlyCount "69"]
[EventDate "2010.07.27"]
[EventType "swiss"]
[EventRounds "11"]
[EventCountry "ENG"]
[Source "lmi"]
[SourceDate "2010.07.25"]

1. d4 Nf6 2. c4 g6 3. g3 Bg7 4. Bg2 O-O 5. Nc3 d6 6. Nf3 c6 7. O-O Qa5 8. e4
Bg4 9. h3 Bxf3 10. Bxf3 Nbd7 11. Qe2 Ne8 12. Rd1 c5 13. dxc5 Bxc3 14. cxd6 Nxd6
15. Rd5 Qa4 16. bxc3 Nb6 17. c5 Nxd5 18. exd5 Nf5 19. g4 Ng7 20. Rb1 Rac8 21.
Be3 Rc7 22. Bd4 Rd7 23. Rb4 Qa5 24. Qb2 Qc7 25. c4 Ne8 26. Qa3 Qf4 27. Qe3 Qc7
28. Rb5 a6 29. Rb6 Ng7 30. Be5 Qc8 31. Qa3 f6 32. Bf4 Qd8 33. Qb4 Qc8 34. c6
bxc6 35. Rb8 1-0

[Event "British Chess Championship 2010"]
[Site "Canterbury ENG"]
[Date "2010.07.26"]
[Round "1.11"]
[White "Snape, Ian L"]
[Black "Houska, Jovanka"]
[Result "1/2-1/2"]
[WhiteElo "2233"]
[BlackElo "2433"]
[PlyCount "92"]
[EventDate "2010.07.27"]
[EventType "swiss"]
[EventRounds "11"]
[EventCountry "ENG"]
[Source "lmi"]
[SourceDate "2010.07.25"]

1. e4 c6 2. d4 d5 3. f3 dxe4 4. fxe4 e5 5. Nf3 Bg4 6. Bc4 Nd7 7. c3 Bh5 8. Qb3
b5 9. Be2 Ngf6 10. a4 exd4 11. cxd4 bxa4 12. Qxa4 Nxe4 13. Qxc6 Bb4+ 14. Nc3
Nef6 15. O-O O-O 16. Ba6 Rb8 17. Bf4 Rb6 18. Qc4 Bd6 19. Bxd6 Rxd6 20. Nb5 Nb6
21. Qc1 Re6 22. Qc5 Bxf3 23. Rxf3 Ne4 24. Qc7 Qg5 25. Qf4 Qe7 26. Nc3 Nf6 27.
Bd3 Rd8 28. Bc2 Qb4 29. Rxa7 Re1+ 30. Rf1 Rxf1+ 31. Kxf1 Qxb2 32. Qc7 Rf8 33.
Bd1 Nbd5 34. Nxd5 Nxd5 35. Qe5 Nb4 36. Rb7 Qc1 37. Rxb4 Qxd1+ 38. Qe1 Qh5 39.
h3 Rc8 40. Rb1 Qf5+ 41. Kg1 h5 42. Rc1 Rd8 43. Rd1 Rd5 44. Qe8+ Kh7 45. Rf1 Qg6
46. Qxf7 Rxd4 1/2-1/2

[Event "British Chess Championship 2010"]
[Site "Canterbury ENG"]
[Date "2010.07.26"]
[Round "1.12"]
[White "Summerscale, Aaron P"]
[Black "Ynojosa-Aponte, Felix Jose"]
[Result "1-0"]
[WhiteElo "2428"]
[BlackElo "2224"]
[PlyCount "85"]
[EventDate "2010.07.27"]
[EventType "swiss"]
[EventRounds "11"]
[EventCountry "ENG"]
[Source "lmi"]
[SourceDate "2010.07.25"]

1. d4 Nf6 2. c4 e6 3. Nc3 d5 4. cxd5 exd5 5. Bg5 Be7 6. e3 O-O 7. Bd3 c6 8. Qc2
h6 9. Bh4 a5 10. Nf3 Re8 11. O-O Ne4 12. Bxe4 Bxh4 13. Bh7+ Kh8 14. Ne5 Qe7 15.
Bf5 Bxf5 16. Qxf5 Bf6 17. f4 Kg8 18. e4 Qb4 19. Rad1 Qxb2 20. Rd3 dxe4 21. Nxe4
Re6 22. Nxf6+ Rxf6 23. Qc8+ Kh7 24. Qf8 Qb4 25. Qe8 Re6 26. Qc8 Qe7 27. f5 Rf6
28. Re3 Rd6 29. f6 Rxf6 30. Rxf6 Qxf6 31. Rf3 Qd6 32. Qf5+ Kg8 33. Qxf7+ Kh7
34. Qf5+ Kg8 35. Qc8+ Kh7 36. Rf4 b5 37. h4 Ra7 38. h5 Rd7 39. Kh1 Qc7 40. Rf8
Qxc8 41. Rxc8 Rd5 42. Rxb8 c5 43. g4 1-0

[Event "British Chess Championship 2010"]
[Site "Canterbury ENG"]
[Date "2010.07.26"]
[Round "1.13"]
[White "Mason, Donald J"]
[Black "Hawkins, Jonathan"]
[Result "1/2-1/2"]
[WhiteElo "2219"]
[BlackElo "2423"]
[PlyCount "72"]
[EventDate "2010.07.27"]
[EventType "swiss"]
[EventRounds "11"]
[EventCountry "ENG"]
[Source "lmi"]
[SourceDate "2010.07.25"]

1. e4 e5 2. f4 d5 3. exd5 exf4 4. Nf3 Nf6 5. Bc4 Nxd5 6. Bxd5 Qxd5 7. O-O Be6
8. d4 Nc6 9. Bxf4 O-O-O 10. c3 Be7 11. Nbd2 g5 12. Be3 g4 13. Ne1 Bd6 14. Nd3
Rhe8 15. Nf4 Bxf4 16. Bxf4 h5 17. Qe1 Qb5 18. Qg3 Qxb2 19. Rfb1 Qa3 20. Bxc7 h4
21. Qf4 Qxc3 22. Bxd8 Rxd8 23. Nb3 Nxd4 24. Nxd4 Qxd4+ 25. Qxd4 Rxd4 26. Rd1
Rxd1+ 27. Rxd1 Bxa2 28. Ra1 Be6 29. Rxa7 b5 30. Kf2 b4 31. Ke3 b3 32. Kd2 Kd8
33. g3 h3 34. Kc3 Ke8 35. Rb7 Kf8 36. Kd4 Kg7 1/2-1/2

[Event "British Chess Championship 2010"]
[Site "Canterbury ENG"]
[Date "2010.07.26"]
[Round "1.14"]
[White "Slavin, Alexei"]
[Black "Cumbers, Paul"]
[Result "1/2-1/2"]
[WhiteElo "2417"]
[BlackElo "2218"]
[PlyCount "89"]
[EventDate "2010.07.27"]
[EventType "swiss"]
[EventRounds "11"]
[EventCountry "ENG"]
[Source "lmi"]
[SourceDate "2010.07.25"]

1. d4 e6 2. Nf3 f5 3. g3 Nf6 4. Bg2 d5 5. O-O Bd6 6. b3 Qe7 7. c4 c6 8. Bb2 b6
9. Qc1 Bb7 10. Ba3 Bxa3 11. Nxa3 Nbd7 12. Qb2 O-O 13. Rfd1 Ne4 14. e3 g5 15.
Nb1 f4 16. exf4 gxf4 17. Nbd2 fxg3 18. fxg3 c5 19. Rf1 cxd4 20. cxd5 exd5 21.
Qxd4 Ndf6 22. Nh4 Qc5 23. Qxc5 Nxc5 24. Rae1 Nce4 25. Nxe4 Nxe4 26. Nf5 Rad8
27. Rc1 Rd7 28. Bh3 Kh8 29. Nd4 Rdf7 30. Ne6 Rxf1+ 31. Bxf1 Rf7 32. Nd8 Rd7 33.
Nxb7 Rxb7 34. Bh3 Re7 35. Bg2 Kg7 36. Rd1 Nc3 37. Rd2 Re2 38. Rxe2 Nxe2+ 39.
Kf2 Nc1 40. Ke3 Nxa2 41. Kd4 Nb4 42. Bxd5 Kf6 43. Be4 h6 44. Kc4 Ke5 45. Bg6
1/2-1/2

[Event "British Chess Championship 2010"]
[Site "Canterbury ENG"]
[Date "2010.07.26"]
[Round "1.16"]
[White "Rendle, Thomas E"]
[Black "Anderson, John"]
[Result "1-0"]
[WhiteElo "2391"]
[BlackElo "2208"]
[PlyCount "79"]
[EventDate "2010.07.27"]
[EventType "swiss"]
[EventRounds "11"]
[EventCountry "ENG"]
[Source "lmi"]
[SourceDate "2010.07.25"]

1. e4 c6 2. Nf3 d5 3. Nc3 Bg4 4. h3 Bxf3 5. Qxf3 e6 6. Be2 Nf6 7. d3 Bd6 8. Qe3
Bb4 9. a3 Ba5 10. Qg5 O-O 11. Bd2 Nbd7 12. O-O Kh8 13. Rad1 Ng8 14. Qg3 Bc7 15.
f4 Ne7 16. Nb1 f5 17. Bc3 Nf6 18. e5 Nd7 19. b4 c5 20. Bb2 cxb4 21. axb4 Nc6
22. c3 Rg8 23. b5 Ne7 24. c4 Bb6+ 25. Kh1 d4 26. Nd2 Nc5 27. Nf3 Na4 28. Ng5
Qe8 29. Ba3 Ng6 30. Bf3 Nc5 31. Bxc5 Bxc5 32. Bxb7 Rb8 33. Qf3 h6 34. Bc6 Qe7
35. Qh5 Nf8 36. Nf7+ Kh7 37. g4 Rh8 38. gxf5 exf5 39. Ng5+ Kg8 40. Bd5+ 1-0

[Event "British Chess Championship 2010"]
[Site "Canterbury ENG"]
[Date "2010.07.26"]
[Round "1.17"]
[White "Adair, James"]
[Black "Bates, Richard A"]
[Result "1-0"]
[WhiteElo "2205"]
[BlackElo "2382"]
[PlyCount "109"]
[EventDate "2010.07.27"]
[EventType "swiss"]
[EventRounds "11"]
[EventCountry "ENG"]
[Source "lmi"]
[SourceDate "2010.07.25"]

1. e4 c5 2. Nf3 d6 3. d4 cxd4 4. Nxd4 Nf6 5. Nc3 a6 6. h3 e6 7. g4 h6 8. f4
Nfd7 9. Be3 Be7 10. Qd2 Nc6 11. O-O-O O-O 12. h4 Nxd4 13. Bxd4 e5 14. Bf2 exf4
15. Qxf4 Ne5 16. Be2 Be6 17. Kb1 Rc8 18. Nd5 Bxd5 19. Rxd5 Qc7 20. c3 b5 21. g5
h5 22. Bxh5 b4 23. Rc1 Qb7 24. Be1 Rc4 25. Qe3 Rfc8 26. Be2 R4c7 27. Bd2 Nc4
28. Bxc4 Rxc4 29. cxb4 Rxc1+ 30. Bxc1 Qxb4 31. Bd2 Qa4 32. Bc3 Bf8 33. Qd3 Re8
34. Rd4 Qd7 35. Qxa6 Qg4 36. Qc6 Re5 37. a4 Qxh4 38. a5 Rxg5 39. a6 Rg1+ 40.
Ka2 Qh1 41. b4 Rc1 42. Rd2 Qg1 43. Kb3 Qe3 44. Qc4 Rb1+ 45. Ka2 Rc1 46. Kb3
Rb1+ 47. Rb2 Rd1 48. Qe2 Qg1 49. Qf2 Qg4 50. Qf5 Qg3 51. Rf2 f6 52. a7 Rb1+ 53.
Kc2 Rc1+ 54. Kxc1 Qxc3+ 55. Kd1 1-0

[Event "British Chess Championship 2010"]
[Site "Canterbury ENG"]
[Date "2010.07.26"]
[Round "1.18"]
[White "Littlewood, Paul E"]
[Black "Sugden, John N"]
[Result "1-0"]
[WhiteElo "2361"]
[BlackElo "2199"]
[PlyCount "73"]
[EventDate "2010.07.27"]
[EventType "swiss"]
[EventRounds "11"]
[EventCountry "ENG"]
[Source "lmi"]
[SourceDate "2010.07.25"]

1. d4 c5 2. d5 d6 3. e4 g6 4. Nc3 Bg7 5. f4 Na6 6. Nf3 Nc7 7. a4 Nf6 8. Bc4 O-O
9. O-O e6 10. dxe6 Bxe6 11. Bxe6 fxe6 12. Qe2 d5 13. e5 Nd7 14. h4 h5 15. Ng5
Bh6 16. f5 Rxf5 17. Rxf5 gxf5 18. Qxh5 Bxg5 19. Bxg5 Qe8 20. Qe2 Qg6 21. Nb5
Nxb5 22. Qxb5 Nxe5 23. Qxb7 Qe8 24. Re1 Nd7 25. Rxe6 Qxe6 26. Qxa8+ Nf8 27.
Qxa7 Qe1+ 28. Kh2 f4 29. Qe7 Qg3+ 30. Kh1 f3 31. gxf3 Qxf3+ 32. Kg1 Qd1+ 33.
Kf2 Qxc2+ 34. Kg3 Qb3+ 35. Qe3 Qxa4 36. Be7 Qd7 37. Qg5+ 1-0

[Event "British Chess Championship 2010"]
[Site "Canterbury ENG"]
[Date "2010.07.26"]
[Round "1.19"]
[White "Haydon, David L"]
[Black "Baker, Chris W"]
[Result "1-0"]
[WhiteElo "2187"]
[BlackElo "2307"]
[PlyCount "109"]
[EventDate "2010.07.27"]
[EventType "swiss"]
[EventRounds "11"]
[EventCountry "ENG"]
[Source "lmi"]
[SourceDate "2010.07.25"]

1. Nf3 Nf6 2. c4 c5 3. Nc3 e6 4. d4 cxd4 5. Nxd4 d5 6. cxd5 Nxd5 7. e4 Nxc3 8.
bxc3 a6 9. Be3 Qc7 10. Qd2 Nd7 11. Be2 Nc5 12. f3 Be7 13. Nb3 O-O 14. Nxc5 Bxc5
15. Bxc5 Qxc5 16. Qd4 Qg5 17. O-O e5 18. Qb6 Be6 19. Rfd1 Rac8 20. Rac1 Qe7 21.
a4 Rc6 22. Qb4 Qc7 23. Rb1 Rxc3 24. Qxb7 Qc5+ 25. Kh1 a5 26. Qb5 g6 27. Qxc5
Rxc5 28. Kg1 Rfc8 29. Ba6 R8c7 30. Rb5 Kg7 31. Kf2 Rc2+ 32. Kg3 R7c5 33. h4 h5
34. Rd8 Kf6 35. Rxc5 Rxc5 36. Bb5 Rc8 37. Rd6 g5 38. Ra6 gxh4+ 39. Kxh4 Rc2 40.
Bd7 Rxg2 41. Bxe6 fxe6 42. Rxa5 Rf2 43. Ra8 Rh2+ 44. Kg3 Ra2 45. a5 Kg5 46. a6
h4+ 47. Kh3 Kf4 48. a7 Ke3 49. Kxh4 Kxf3 50. Rf8+ Kxe4 51. a8=Q+ Rxa8 52. Rxa8
Kf3 53. Rf8+ Ke2 54. Kg3 e4 55. Re8 1-0

[Event "British Chess Championship 2010"]
[Site "Canterbury ENG"]
[Date "2010.07.26"]
[Round "1.20"]
[White "Constantinou, Peter"]
[Black "Shaw, Peter"]
[Result "1/2-1/2"]
[WhiteElo "2302"]
[BlackElo "2173"]
[PlyCount "61"]
[EventDate "2010.07.27"]
[EventType "swiss"]
[EventRounds "11"]
[EventCountry "ENG"]
[Source "lmi"]
[SourceDate "2010.07.25"]

1. d4 d5 2. Bf4 Nf6 3. e3 Bg4 4. f3 Bf5 5. c4 c6 6. Nc3 e6 7. Qb3 b6 8. Nge2
Bd6 9. g4 Bg6 10. h4 h6 11. Bxd6 Qxd6 12. Nf4 Bh7 13. O-O-O Nbd7 14. g5 Ng8 15.
g6 Bxg6 16. Nxg6 fxg6 17. Bd3 Ne7 18. Rhg1 O-O 19. f4 Rf6 20. cxd5 cxd5 21. Nb5
Qb8 22. Kb1 a6 23. Qa3 Nf5 24. Bxf5 exf5 25. Nc3 Qd6 26. Qb3 Kh7 27. Nxd5 Rff8
28. Rd2 Nf6 29. Nxf6+ Rxf6 30. Rdg2 Ra7 31. Rc2 1/2-1/2

[Event "British Chess Championship 2010"]
[Site "Canterbury ENG"]
[Date "2010.07.26"]
[Round "1.21"]
[White "Rich, Mark C"]
[Black "Tymrakiewicz, Rafal"]
[Result "0-1"]
[WhiteElo "2166"]
[BlackElo "2301"]
[PlyCount "86"]
[EventDate "2010.07.27"]
[EventType "swiss"]
[EventRounds "11"]
[EventCountry "ENG"]
[Source "lmi"]
[SourceDate "2010.07.25"]

1. e4 Nf6 2. e5 Nd5 3. d4 d6 4. c4 Nb6 5. exd6 cxd6 6. Nc3 g6 7. Be3 Bg7 8. Rc1
O-O 9. b3 Bf5 10. Be2 d5 11. c5 Nc8 12. Bf3 e6 13. g4 Be4 14. Nxe4 dxe4 15.
Bxe4 Nc6 16. Ne2 N8e7 17. Qd2 f5 18. gxf5 Nxf5 19. Rc4 Qe7 20. Ng3 Rad8 21.
Nxf5 exf5 22. Bxc6 bxc6 23. O-O Rd5 24. Bh6 Bxh6 25. Qxh6 f4 26. Qh3 Qe2 27.
Rcc1 Qe4 28. f3 Qxd4+ 29. Kh1 Rff5 30. Rfe1 Rde5 31. Red1 Qe3 32. Rd8+ Kg7 33.
Rcd1 Re7 34. Qg2 Rxc5 35. Qb2+ Kh6 36. Rf1 Rd5 37. Rf8 Ree5 38. Rf7 Rd2 39. Qa3
Rxh2+ 40. Kxh2 Qe2+ 41. Kh3 Qxf1+ 42. Kg4 Qg2+ 43. Kxf4 Qg5# 0-1

[Event "British Chess Championship 2010"]
[Site "Canterbury ENG"]
[Date "2010.07.26"]
[Round "1.22"]
[White "Makepeace, Philip J"]
[Black "Salimbeni, George P W"]
[Result "1/2-1/2"]
[WhiteElo "2074"]
[BlackElo "2164"]
[PlyCount "31"]
[EventDate "2010.07.27"]
[EventType "swiss"]
[EventRounds "11"]
[EventCountry "ENG"]
[Source "lmi"]
[SourceDate "2010.07.25"]

1. d4 Nf6 2. Nf3 e6 3. g3 d5 4. Bg2 Be7 5. O-O O-O 6. b3 Nbd7 7. Bb2 b6 8. Nbd2
Bb7 9. c4 c5 10. e3 Rc8 11. Ne5 Qc7 12. Rc1 dxc4 13. Bxb7 Qxb7 14. Nxd7 Nxd7
15. Nxc4 cxd4 16. Qxd4 1/2-1/2

[Event "British Chess Championship 2010"]
[Site "Canterbury ENG"]
[Date "2010.07.26"]
[Round "1.23"]
[White "Helbig, Paul D"]
[Black "Senior, Gary"]
[Result "1/2-1/2"]
[WhiteElo "2160"]
[BlackElo "2069"]
[PlyCount "84"]
[EventDate "2010.07.27"]
[EventType "swiss"]
[EventRounds "11"]
[EventCountry "ENG"]
[Source "lmi"]
[SourceDate "2010.07.25"]

1. e4 c5 2. Nc3 Nc6 3. g3 g6 4. Bg2 Bg7 5. d3 d6 6. Be3 e6 7. Qd2 Nge7 8. Bh6
O-O 9. h4 Bxh6 10. Qxh6 f6 11. Qd2 e5 12. Nge2 Nd4 13. Nd5 Nxd5 14. exd5 Bg4
15. Ng1 Bd7 16. c3 Nf5 17. Ne2 b5 18. b3 a5 19. O-O Qb6 20. Rab1 b4 21. c4 a4
22. Kh2 axb3 23. axb3 Ra3 24. Bh3 Rfa8 25. Kg2 Ra2 26. Rb2 Rxb2 27. Qxb2 Qa7
28. Rb1 Qa2 29. Qxa2 Rxa2 30. Nc1 Rd2 31. Kf3 Nd4+ 32. Ke3 Rd1 33. Bxd7 Re1+
34. Kd2 Nf3+ 35. Kc2 Nd4+ 36. Kb2 Rf1 37. Ra1 Rxf2+ 38. Kb1 Nc2 39. Be6+ Kg7
40. Ra7+ Kh6 41. Rd7 Na3+ 42. Ka1 Nc2+ 1/2-1/2

[Event "British Chess Championship 2010"]
[Site "Canterbury ENG"]
[Date "2010.07.26"]
[Round "1.24"]
[White "Freeman, Richard C P"]
[Black "Jaunooby, Ali R"]
[Result "1-0"]
[WhiteElo "2056"]
[BlackElo "2155"]
[PlyCount "115"]
[EventDate "2010.07.27"]
[EventType "swiss"]
[EventRounds "11"]
[EventCountry "ENG"]
[Source "lmi"]
[SourceDate "2010.07.25"]

1. e4 g6 2. Nc3 Bg7 3. f4 c5 4. Nf3 Nc6 5. Bb5 Nd4 6. O-O a6 7. Bd3 d6 8. Nxd4
cxd4 9. Ne2 Nf6 10. Kh1 e5 11. c3 Ng4 12. Qe1 Qb6 13. cxd4 exf4 14. Rxf4 Bxd4
15. Nxd4 Qxd4 16. Be2 h5 17. d3 g5 18. Rf1 f6 19. Bd2 Qe5 20. g3 Rh6 21. Bc3
Qe7 22. Bxg4 Bxg4 23. Qe3 Rc8 24. Rf2 Bh3 25. Qd4 Qe5 26. Qa4+ Qb5 27. Qxb5+
axb5 28. Bxf6 Rg6 29. Bc3 d5 30. exd5 Rd8 31. Re1+ Kd7 32. Be5 Re8 33. Rf7+ Re7
34. Rxe7+ Kxe7 35. Kg1 Kd7 36. Kf2 b4 37. Rc1 Kd8 38. Rc7 Rf6+ 39. Bxf6+ Kxc7
40. Bxg5 Kd6 41. Ke3 Bg2 42. Kd4 Bxd5 43. b3 Bf3 44. Bd2 Kc6 45. Bxb4 Be2 46.
Be7 Kd7 47. Bf8 Kc6 48. Ke4 Bf1 49. a4 Be2 50. a5 Bf1 51. b4 Bg2+ 52. Kf4 Kd5
53. Bc5 Bf1 54. Kg5 Be2 55. Be3 Ke5 56. Bf2 Bg4 57. b5 Be2 58. a6 1-0

[Event "British Chess Championship 2010"]
[Site "Canterbury ENG"]
[Date "2010.07.26"]
[Round "1.25"]
[White "Padilla Cabero, Pablo"]
[Black "Fegan, Chris"]
[Result "1-0"]
[WhiteElo "2149"]
[BlackElo "2051"]
[PlyCount "77"]
[EventDate "2010.07.27"]
[EventType "swiss"]
[EventRounds "11"]
[EventCountry "ENG"]
[Source "lmi"]
[SourceDate "2010.07.25"]

1. e4 c6 2. d4 d5 3. e5 Bf5 4. Nc3 e6 5. g4 Bg6 6. Nge2 Bb4 7. h4 Be4 8. Rh3 h5
9. Ng3 Bxc2 10. Qxc2 hxg4 11. Rh1 Rxh4 12. Rxh4 Qxh4 13. Qb3 Qe7 14. Bd3 c5 15.
Bd2 cxd4 16. Nb5 Bxd2+ 17. Kxd2 Qg5+ 18. Kd1 Qxe5 19. Rc1 Nc6 20. Ne2 Nf6 21.
Nbxd4 Nxd4 22. Qa4+ b5 23. Qxd4 Qxd4 24. Nxd4 a6 25. Rc7 g6 26. Nc6 Nd7 27. b4
e5 28. Ke1 e4 29. Be2 f5 30. a3 g5 31. Nd4 Kd8 32. Rc6 Ne5 33. Rf6 Rc8 34. Rxa6
Nc4 35. Nxf5 Kd7 36. Bxg4 Kc7 37. Nd4 Re8 38. Nxb5+ Kb7 39. Rg6 1-0

[Event "British Chess Championship 2010"]
[Site "Canterbury ENG"]
[Date "2010.07.26"]
[Round "1.26"]
[White "Jameson, David"]
[Black "Almond, Richard J"]
[Result "1/2-1/2"]
[WhiteElo "2047"]
[BlackElo "2148"]
[PlyCount "45"]
[EventDate "2010.07.27"]
[EventType "swiss"]
[EventRounds "11"]
[EventCountry "ENG"]
[Source "lmi"]
[SourceDate "2010.07.25"]

1. e4 d5 2. exd5 Qxd5 3. Nf3 Bg4 4. Be2 Nc6 5. O-O O-O-O 6. h3 Bh5 7. Nc3 Qd7
8. b4 e6 9. b5 Bxf3 10. Bxf3 Nd4 11. Rb1 Nf6 12. d3 Rg8 13. Be3 g5 14. Ne4 Nxe4
15. dxe4 f5 16. exf5 exf5 17. Bxd4 Qxd4 18. Qe2 Bc5 19. Qe6+ Qd7 20. Bd5 Rge8
21. Qxd7+ Rxd7 22. Rbd1 Rd6 23. Bc4 1/2-1/2